01801nam a2200253 a 4500001000200000003000900002005001700011008004100028020001500069040002500084082002900109100004000138245010900178260004600287300002100333500007100354500007300425504003500498505082300533650004801356650004601404650003401450710006301484 DO-SdBNP20211013103454.0091125s2007 dr 000 0 spa d a9945427067 aDO-SdBNPbspacBPMSU aRD809.889bE53n 20072221 aEmeterio Rondón, Pura d1952.201710aNarrativas dominicana y haitiana :bsímbolos para una propuesta alternativa /cPura Emeterio Rondón. aSanto Domingo :bEditora Nacional c2007. a209 p. ;c23 cm. aIncluye datos biográficos del autora en la solapa de la cubierta aIncluye referencias bibliográficas y notas al pie de las páginas aBibliografía : (p. 2001-204) aIntroducción, 13 .-- ¿Por qué literatura dominicana y haitiana ?, 21 .-- El indigenismo y la cultura haitiana, 25 .-- El movimiento postumista y la literatura dominicana, 33 .-- Planteamientos teóricos. Función referencial de los símbolos, 43 .-- La cultura oral-popular en el referente de las culturas dominicana y haitiana, 53 .-- Hacia una doble perspectiva del referente literario, 61 .-- La configuración textual de los símbolos. La configuración textual de los símbolos, 71 .-- Los símbolos regresivos, 105 .-- Sistemas de referencialidad en las literaturas dominicana y haitiana. El referente en los símbolos progresivos, 135 .-- El referente en los símbolos regresivos, 157 .-- En torno a las literaturas dominicana y haitiana, 185 .-- Apéndice, 193 .-- Bibliografía citada, 201. - 4aLiteratura dominicanaxHistoria y crítica 4aLiteratura haitianaxHistoria y crítica 4aSimbolísmo en la literatura2 aSecretaría de Estado de Cultura (República Dominicana)